Statistics for Flags of the world - Easy to Impossible

Click here to take the quiz!

General Stats

  • This quiz has been taken 82 times
  • The average score is 7 of 16

Answer Stats

Answer% Correct
United Kingdom
97%
Iran
93%
Greenland
80%
Togo
77%
Grenada
74%
African Union
49%
Saba
49%
South Georgia and the South Sandwich Islands
42%
Balearic Islands
28%
Tuva
28%
Alderney
26%
Berbers
17%
Antarctic Vexillological Association
7%
Asyut
6%
Saguenay–Lac-Saint-Jean
6%
Presidential flag of Gotabaya Rajapaksa (Myanmar)
4%

Score Distribution

Percentile by Number Answered

Percent of People with Each Score

Your Score History

You have not taken this quiz